000 00527nam a22001577a 4500
005 20251211124621.0
008 251211b |||||||| |||| 00| 0 eng d
037 _cTB
040 _aAL
_cAL
041 _2HIN
_aHIN
100 _aश्रीवास्तव, गंगाविश्वास
_9855934
245 _aधूप अनमनी-धूप गुनगुनी
260 _c1989.
942 _2CC
_cTB
_n0
999 _c1466216
_d1466216